Fundamentals of phonetics, phonology and tonology : with specific African sound patterns (Record no. 190700)

MARC details
000 -LEADER
fixed length control field 00685nam a2200217Ia 4500
008 - FIXED-LENGTH DATA ELEMENTS--GENERAL INFORMATION
fixed length control field 191130s2008##################000#0#eng##
020 ## - INTERNATIONAL STANDARD BOOK NUMBER
ISBN 9783631577462
082 ## - DEWEY DECIMAL CLASSIFICATION NUMBER
Classification number 496 ANY
100 ## - MAIN ENTRY--AUTHOR NAME
Personal name Anyanwu, Rose-Juliet
245 ## - TITLE STATEMENT
Title Fundamentals of phonetics, phonology and tonology : with specific African sound patterns
Statement of responsibility, etc Rose-Juliet Anyanwu
260 ## - PUBLICATION, DISTRIBUTION, ETC. (IMPRINT)
Place of publication Bern
Name of publisher Peter Lang
Year of publication 2008
300 ## - PHYSICAL DESCRIPTION
Number of Pages 329 p. : ill. ; 21 cm
500 ## - GENERAL NOTE
General note Includes bibliographical references and index
650 ## - SUBJECT ADDED ENTRY--TOPICAL TERM
Topical Term African languages - Phonetics
Topical Term Phonetics
991 ## -
-- 416306
Holdings
Withdrawn status Lost status Damaged status Not for loan Home library Current library Date acquired Full call number Accession Number Price effective from Koha item type
        Anna Centenary Library Anna Centenary Library 13.10.2020 496 ANY 221018 13.10.2020 English Books

Find us on the map